| 000 | 00616nam a2200253Ia 4500 | ||
|---|---|---|---|
| 003 | 2164 | ||
| 005 | 20180611151902.0 | ||
| 008 | 170918s9999 xx 000 0 und d | ||
| 020 | _a9780439455626 | ||
| 050 | _bP119 1995 | ||
| 100 | _aPackard, Mary | ||
| 245 | _aI can run / | ||
| 245 | _cby Gay Su Pinnell ; illustrated by Melissa Sweet. | ||
| 260 | _aNew York : | ||
| 260 | _bScholastic, | ||
| 260 | _c1995 | ||
| 300 | _aunpaged : | ||
| 300 | _bcolored illustration ; | ||
| 300 | _c22cm. | ||
| 440 | _aMy first hello reader! | ||
| 500 | _a120 | ||
| 700 |
_4de Rosa, Dee. _91 |
||
| 942 |
_2ddc _cLEX |
||
| 999 |
_c342823 _d342823 |
||